Children and anthropological research /

Bibliographic Details
Corporate Author: Conference on Children in Anthropological Research
Other Authors: Butler, Barbara H., Turner, Diane Michalski
Format: Conference Proceeding Book
Language:English
Published: New York : Plenum Press, [1987]
Subjects:

MARC

Tag First Indicator Second Indicator Subfields
LEADER 00000cam a2200000 a 4500
001 in00000016022
005 20151007052649.0
008 861211s1987 nyu b 10100 eng
010 |a  86030517  
020 |a 0306424991 
035 |a (OCoLC)15017243 
035 |9 AAA8707AM 
040 |a DLC  |c DLC  |d m/c  |d TXA  |d UtOrBLW 
049 |a TXAM  |c [A11464361] 
050 0 0 |a GN346  |b .C48 1987 
082 0 |a 306/.072  |2 19 
245 0 0 |a Children and anthropological research /  |c edited by Barbara Butler and Diane Michalski Turner. 
264 1 |a New York :  |b Plenum Press,  |c [1987] 
264 4 |c ©1987 
300 |a xi, 161 pages ;  |c 26 cm. 
336 |a text  |b txt  |2 rdacontent 
337 |a unmediated  |b n  |2 rdamedia 
338 |a volume  |b nc  |2 rdacarrier 
500 |a "Based on a conference on Children in Anthropological Research, held May 1, 1982, at Michigan State University, East Lansing, Michigan"--Title page verso. 
504 |a Includes bibliographies and indexes. 
650 0 |a Ethnology  |x Field work  |x Congresses. 
650 0 |a Anthropologists  |x Family relationships  |x Congresses. 
650 0 |a Children of anthropologists  |x Congresses. 
700 1 |a Butler, Barbara H. 
700 1 |a Turner, Diane Michalski. 
711 2 |a Conference on Children in Anthropological Research  |d (1982 :  |c Michigan State University) 
999 |a MARS 
999 f f |s fe456986-f57e-36e9-ad6b-e4a64c799b72  |i b00b03e7-6ed9-3db0-88f7-44f428bf846d  |t 0 
952 f f |p ric  |a Texas A&M University  |b Rellis Campus  |c Joint Library Facility  |d Remote Storage  |t 0  |e GN346 .C48 1987  |h Library of Congress classification  |i unmediated -- volume  |m A14811464361 
998 f f |a GN346 .C48 1987  |t 0  |l Remote Storage